Sikshadanar paddhati aru kausal (Record no. 6073)

MARC details
000 -LEADER
fixed length control field 00666cam a2200229ua 4500
008 - FIXED-LENGTH DATA ELEMENTS--GENERAL INFORMATION
fixed length control field 140722n ii |||gr||||Z||||||asm
020 ## - INTERNATIONAL STANDARD BOOK NUMBER
International Standard Book Number 978-93-82976-05-9
040 ## - CATALOGING SOURCE
Transcribing agency MAIN
082 ## - DEWEY DECIMAL CLASSIFICATION NUMBER
Classification number 371.3
100 ## - MAIN ENTRY--PERSONAL NAME
Personal name Sonowal, Puranjoy,
Relator term
245 12 - TITLE STATEMENT
Title Sikshadanar paddhati aru kausal
Statement of responsibility, etc. by Puranjoy Sonowal
250 ## - EDITION STATEMENT
Edition statement 2nd ed.
260 ## - PUBLICATION, DISTRIBUTION, ETC.
Place of publication, distribution, etc. Golaghat:
Name of publisher, distributor, etc. Saraswati prakashan,
Date of publication, distribution, etc. 2013.
300 ## - PHYSICAL DESCRIPTION
Extent 526p.
700 ## - ADDED ENTRY--PERSONAL NAME
Personal name Neog, Mukunda,
Relator term
700 ## - ADDED ENTRY--PERSONAL NAME
Personal name Goswami, Lukumoni,
Relator term
942 ## - ADDED ENTRY ELEMENTS (KOHA)
Koha item type Books
653 ## - INDEX TERM--UNCONTROLLED
Uncontrolled term Schools & their activities special education
653 ## - INDEX TERM--UNCONTROLLED
Uncontrolled term Method of teaching
653 ## - INDEX TERM--UNCONTROLLED
Uncontrolled term Techniques and methodology of teaching
Holdings
Withdrawn status Lost status Damaged status Not for loan Home library Current library Shelving location Date acquired Total Checkouts Full call number Barcode Date last seen Copy number Price effective from Koha item type Date last checked out
        Central Library, Naharkatiya College Central Library, Naharkatiya College General Stacks 19/09/2020   371.3 | SON 22148 28/03/2022 1 19/09/2020 Books  
        Central Library, Naharkatiya College Central Library, Naharkatiya College General Stacks 19/09/2020 8 371.3 | SON 22149 20/12/2024 2 19/09/2020 Books 11/11/2024

Naharkatiya College © 2020. All rights reserved.

Powered By